History Quiz

Random History or Famous Quiz

Notable Wikipedia Deaths Quiz Stats

Quiz Updated Jul 16, 2015

Challenge
Share
Tweet
Embed
Score 0/20 Timer 05:00
0 Plays Today
Date of Death Wikipedia Article % Correct
November 22, 1963John F. Kennedy assassination
95.8%
April 30, 1945Death of Adolf Hitler
92.2%
April 14, 1865Assassination of Abraham Lincoln
92%
January 30, 1948Assassination of Mohandas Karamchand Gandhi
85.2%
December 30, 2006Execution of Saddam Hussein
84.8%
May 2, 2011Death of Osama bin Laden
83.6%
April 4, 1968Assassination of Martin Luther King, Jr.
81.7%
June 5, 1968Assassination of Robert F. Kennedy
80.7%
June 28, 1914Assassination of Archduke Franz Ferdinand of Austria
78.3%
March 15, 44 B.C.Assassination of Julius Caesar
78%
Date of Death Wikipedia Article % Correct
December 8, 1980Death of John Lennon
74.5%
1st century A.D.Crucifixion of Jesus
69.5%
August 31, 1997Death of Diana, Princess of Wales
66.5%
April 8, 1994Death of Kurt Cobain
63.8%
June 25, 2009Death of Michael Jackson
62.7%
c. 399 B.C.Trial of Socrates
58.9%
September 14, 1901Assassination of William McKinley
51.1%
October 6, 1981Assassination of Anwar Sadat
44.6%
September 19, 1881Assassination of James A. Garfield
43.1%
August 5, 1962Death of Marilyn Monroe
41.7%

You're not logged in!

Compare scores with friends on all Sporcle quizzes.
Sign Up with Email
OR
Log In

You Might Also Like...

Show Comments

Extras

Top Quizzes Today


Score Distribution

Your Account Isn't Verified!

In order to create a playlist on Sporcle, you need to verify the email address you used during registration. Go to your Sporcle Settings to finish the process.